000 00228nam a2200085Ia 4500
008 170620s9999 xx 000 0 und d
100 _aSharma- Promila
245 0 _aEducational Psychology
260 _bNew Delhi- A.P.H. Publishing corporation
260 _c2007
999 _c24863
_d24863